000 00558nam a22001817a 4500
999 _c124383
_d124383
005 20211020103401.0
008 211020b ||||| |||| 00| 0 eng d
020 _a9789811541391
040 _cPK-LaUMT
082 _a004.678
_bCHE-C
100 _aChen, Xiaoming
245 _aConvergence of energy, communication and computation in B5G cellular internet of things /
_cby Xiaoming Chen and Qiao Qi
260 _aSingapore :
_bSpringer,
_c2020
300 _a129 p.
650 _aEmbedded computer systems
650 _aComputer engineering
942 _cBK